Dune (Record no. 368581)
[ view plain ]
| 000 -LEADER | |
|---|---|
| fixed length control field | 00854nam a22002297a 4500 |
| 003 - CONTROL NUMBER IDENTIFIER | |
| control field | 0 |
| 005 - DATE AND TIME OF LATEST TRANSACTION | |
| control field | 20251111143544.0 |
| 008 - FIXED-LENGTH DATA ELEMENTS--GENERAL INFORMATION | |
| fixed length control field | 251111b xxu||||| |||| 00| 0 eng d |
| 020 ## - INTERNATIONAL STANDARD BOOK NUMBER | |
| International Standard Book Number | 978-0-441-17271-9 |
| 050 ## - LIBRARY OF CONGRESS CALL NUMBER | |
| Classification number | PS 3558 |
| Item number | .E63 D8 2019 |
| 100 ## - MAIN ENTRY--PERSONAL NAME | |
| Personal name | Herbert, Frank, |
| Dates associated with a name | 1920-1986, |
| Relator term | author. |
| 245 ## - TITLE STATEMENT | |
| Title | Dune |
| Statement of responsibility, etc | Frank Herbert. |
| 260 ## - PUBLICATION, DISTRIBUTION, ETC. (IMPRINT) | |
| Place of publication, distribution, etc | New York : |
| Name of publisher, distributor, etc | ACE, |
| Date of publication, distribution, etc | 2019 |
| 300 ## - PHYSICAL DESCRIPTION | |
| Extent | 884 pages ; |
| Dimensions | 20 cm. |
| 490 ## - SERIES STATEMENT | |
| Series statement | The Dune chronicles ; |
| Volume number/sequential designation | book 1 |
| 520 ## - SUMMARY, ETC. | |
| Summary, etc | In a far future interstellar empire, young noble Paul Atreides travels to the desert planet Arrakis, where he becomes embroiled in political conflict, ecological struggle, and a destiny that will change the universe. |
| 650 ## - SUBJECT ADDED ENTRY--TOPICAL TERM | |
| Topical term or geographic name as entry element | Science fiction. |
| 650 ## - SUBJECT ADDED ENTRY--TOPICAL TERM | |
| Topical term or geographic name as entry element | Interplanetary voyages |
| Form subdivision | Fiction. |
| 650 ## - SUBJECT ADDED ENTRY--TOPICAL TERM | |
| Topical term or geographic name as entry element | Political fiction. |
| 830 ## - SERIES ADDED ENTRY--UNIFORM TITLE | |
| Uniform title | Dune chronicles ; |
| Version | bk. 1. |
| 942 ## - ADDED ENTRY ELEMENTS (KOHA) | |
| Source of classification or shelving scheme | Library of Congress Classification |
| Koha item type | Books |
| Withdrawn status | Lost status | Source of classification or shelving scheme | Damaged status | Home library | Current library | Shelving location | Date acquired | Source of acquisition | Sub Shelving location | Total Checkouts | Full call number | Barcode | Date last seen | Date checked out | Price effective from | Koha item type |
|---|---|---|---|---|---|---|---|---|---|---|---|---|---|---|---|---|
| Library of Congress Classification | Luxembourg Library | Luxembourg Library | Fiction Section | 11/19/2024 | Library Fund | 1 | PS 3558 .E63 D8 2019 | 21430 | 11/11/2025 | 11/11/2025 | 11/11/2025 | Books |